00539nam a2200121Ia 4500008004100000040001800041041000800059100003700067245017100104260005800275300001800333600006600351130821s1940 xxu gr deng  aCo-BoUCMbspa aeng aStern, Philip Van Doren., Editor aThe life and writings of Abraham LincolncEd., and with a biographical essay by Philip van Doren Stern; with an introduction "Lincoln in his writings" by Allan Nevins aNueva York (Estados Unidos)bThe Modern Libraryc1940 a863 páginas aLincoln, AbrahamcPresidente de los Estados Unidosd1809-1865